Marketing Průvodce pro malé a střední podnikatele
Salvato in:
| Autore principale: | |
|---|---|
| Altri autori: | |
| Natura: | Libro |
| Lingua: | ceco |
| Pubblicazione: |
Praha
Readers International
1993
|
| Edizione: | 1. vyd. |
| Serie: | Business Guides
|
| Soggetti: | |
| Tags: |
Nessun Tag, puoi essere il primo ad aggiungerne!!
|
MARC
| LEADER | 00000nam a2200000 4500 | ||
|---|---|---|---|
| 001 | c002868 | ||
| 005 | 20221206074725.6 | ||
| 020 | |a 80-901454-0-X | ||
| 041 | 0 | |a cze | |
| 044 | |a CZ | ||
| 245 | 1 | 0 | |a Marketing |b Průvodce pro malé a střední podnikatele |c Len Rogers ; Prekl. Jan Čulík |
| 250 | |a 1. vyd. | ||
| 264 | 1 | |a Praha |b Readers International |c 1993 | |
| 300 | |a 185 s. | ||
| 490 | 1 | |a Business Guides | |
| 830 | 0 | |a Business Guides | |
| 610 | 2 | 0 | |a marketing |
| 610 | 2 | 0 | |a marketing mix |
| 610 | 2 | 0 | |a reklama |
| 610 | 2 | 0 | |a distribúcia |
| 610 | 2 | 0 | |a prieskum trhu |
| 610 | 2 | 0 | |a tovar spotrebný |
| 610 | 2 | 0 | |a ceny |
| 610 | 2 | 0 | |a inzercia |
| 610 | 2 | 0 | |a propagácia |
| 610 | 2 | 0 | |a predaj |
| 610 | 2 | 0 | |a servis |
| 100 | 1 | |a Rogers, Len | |
| 700 | 1 | |a Čulík, Jan | |